000 00402 a2200169 4500
001 52118
020 _a
040 _cAnchieta - Pituba
100 _aAdailson Miranda
240 1 0 _a2ª Filosofia, III unidade
_lpor
245 1 0 _a2ª Filosofia, III unidade
300 _a3
362 0 _a2012
440 1 _aColégio Anchieta
650 4 _aEducação, pesquisa e tópicos relacionados
942 _cBK
999 _c52118
_d52118